LEADER 01108cam0-22003851i-450- 001 990004342300403321 005 20061103155649.0 035 $a000434230 035 $aFED01000434230 035 $a(Aleph)000434230FED01 035 $a000434230 100 $a19990604d1973----km-y0itay50------ba 101 1 $aita$ceng 102 $aIT 105 $af-------001yy 200 1 $aStoria di Cuba$e1762-1970$fHugh Thomas 210 $aTorino$cEinaudi$d1973 215 $aXVIII, 1235 p., <1> tav. ripieg.$cill.$d22 cm 225 1 $aBiblioteca di cultura storica$v123 454 0$12001$aCuba or the pursuit of freedom$921466 610 0 $aCuba 610 0 $aCuba$aStoria$aSec. 18.-20. 676 $a972.91$v21$zita 700 1$aThomas,$bHugh$f<1931- >$0288561 801 0$aIT$bUNINA$gRICA$2UNIMARC 901 $aBK 912 $a990004342300403321 952 $aE/4 THO$bs.n.185$fSES 952 $a194.000.THO$b1665$fDECGE 952 $a972.91 THO 2$bI.st.r.c.400$fFLFBC 959 $aFLFBC 959 $aSES 959 $aDECGE 996 $aCuba or the pursuit of freedom$921466 997 $aUNINA LEADER 01368nam 2200457 450 001 9910799940303321 005 20230629234544.0 010 $a0-429-42434-5 010 $a0-429-75471-X 035 $a(CKB)4100000011494579 035 $a(MiAaPQ)EBC6369457 035 $a(EXLCZ)994100000011494579 100 $a20201207d2021 uy 0 101 0 $aeng 135 $aurcnu|||||||| 181 $ctxt$2rdacontent 182 $cc$2rdamedia 183 $acr$2rdacarrier 200 10$aAntenatal midwifery skills $esurvival guide /$fAlison Edwards 205 $aSecond edition. 210 1$aOxford, England ;$aNew York, New York :$cRoutledge,$d[2021] 210 4$dİ2021 215 $a1 online resource (92 pages) $cillustrations 225 1 $aNursing and health survival guides 311 $a1-138-38884-X 311 $a1-138-38883-1 320 $aIncludes bibliographical references. 410 0$aNursing & health survival guides. 606 $aPrenatal care$vHandbooks, manuals, etc 606 $aMidwifery$vHandbooks, manuals, etc 615 0$aPrenatal care 615 0$aMidwifery 676 $a618.2 700 $aEdwards$b Alison$f1966-$01586736 801 0$bMiAaPQ 801 1$bMiAaPQ 801 2$bMiAaPQ 906 $aBOOK 912 $a9910799940303321 996 $aAntenatal midwifery skills$93873649 997 $aUNINA LEADER 01002nam2 22003133i 450 001 MIL0369387 005 20251003044232.0 010 $a8834871138 100 $a20240917d1998 ||||0itac50 ba 101 | $aita 102 $ait 181 1$6z01$ai $bxxxe 182 1$6z01$an 183 1$6z01$anc$2RDAcarrier 200 0 $a56: 1995-1996 210 $aTorino$cG. Giappichelli$d\1998! 215 $aVI, 506 p.$d24 cm. 461 1$1001CFI0078644$12001 $aStudi economico-giuridici$v56 606 $aDiritto$2FIR$3CFIC007118$9E 676 $a340.02$9DIRITTO. MISCELLANEA$v23 696 $aAspetti giuridici 699 $aDiritto$zAspetti giuridici 801 3$aIT$bIT-000000$c20240917 850 $aIT-BN0095 912 $aMIL0369387 950 2$aBiblioteca Centralizzata di Ateneo$cv. 56$d 01D (AR) 26 046$e 01AR 0700260465 VMA A4(0056 v. 56$fY $h20240917$i20240917 977 $a 01 996 $a56: 1995-1996$94215971 997 $aUNISANNIO